[Event "10th Open"]
[Site "Bad Zwesten GER"]
[Date "2006.01.06"]
[Round "7"]
[White "Schuurman,P"]
[Black "Poetsch,H"]
[Result "1-0"]
[WhiteElo "2279"]
[BlackElo "2053"]

1.d4 e6 2.c4 Nf6 3.Nc3 Bb4 4.Qc2 O-O 5.a3 Bxc3+ 6.Qxc3 d6 7.Nf3 Nc6 8.e3 a5
9.b3 Re8 10.Bb2 e5 11.d5 Ne7 12.Be2 Bf5 13.O-O Ne4 14.Qc1 Nc5 15.Qd1 a4 16.b4 Nb3
17.Ra2 Ng6 18.Bc3 Nh4 19.Re1 Bg6 20.Nxh4 Qxh4 21.g3 Qe4 22.Bf1 Rad8 23.f3 Qf5
24.Rf2 c6 25.h4 Qc8 26.Bb2 f5 27.f4 c5 28.b5 h6 29.Bh3 exf4 30.gxf4 Re4 31.Rg2 Bf7
32.Rxg7+ Kf8 33.Rxf7+ Kxf7 34.Qh5+ Ke7 35.Bxf5 Rg8+ 36.Kf2  1-0

[Event "10th Open"]
[Site "Bad Zwesten GER"]
[Date "2006.01.07"]
[Round "8"]
[White "Braun,A"]
[Black "Shneider,A"]
[Result "1/2-1/2"]
[WhiteElo "2465"]
[BlackElo "2529"]

1.d4 Nf6 2.c4 e6 3.Nc3 Bb4 4.Qc2 O-O 5.a3 Bxc3+ 6.Qxc3 b6 7.Bg5 Bb7 8.Nh3 h6
9.Bh4 d6 10.f3 Nbd7 11.e4 c5 12.dxc5 bxc5 13.Bd3 d5 14.exd5 exd5 15.O-O d4
16.Qd2 a5 17.Rae1 Qb6 18.Re7 Rfe8 19.Rfe1 Kf8 20.Rxe8+ Rxe8 21.Rxe8+ Kxe8
22.Nf2 g5 23.Bg3 Nh5 24.Qe2+ Kf8 25.Bf5 Nxg3 26.hxg3 Nf6 27.Nd3 Qd6 28.Qe1 a4
29.Qa5 Bxf3 30.Qxc5 Qxc5 31.Nxc5 Be2 32.Nxa4 Bxc4 33.Nb6 Ba6 34.b4 d3 35.Kf2 d2
36.Bc2 Ng4+ 37.Kf3 h5 38.Nd7+ Ke7 39.Nc5 Bb5 40.Bd1 f5 41.a4 Bc6+ 42.Ke2 Bxg2
43.Kxd2 h4 44.Bxg4 fxg4 45.Ke3 Kd6 46.Kf2 Bc6 47.a5 Kd5 48.a6 Kc4 49.a7 Kxb4
50.Ne6 Ka5 51.Nxg5 hxg3+  1/2-1/2

[Event "Xstrata ch-AUS 2006"]
[Site "Brisbane AUS"]
[Date "2006.01.09"]
[Round "11"]
[White "Solomon,SJ"]
[Black "Chandler,M"]
[Result "1/2-1/2"]
[WhiteElo "2415"]
[BlackElo "2537"]

1.d4 Nf6 2.c4 e6 3.Nc3 Bb4 4.Qc2 O-O 5.a3 Bxc3+ 6.Qxc3 b6 7.Bg5 Bb7 8.f3 h6
9.Bh4 d5 10.e3 Nbd7 11.Nh3 c5 12.cxd5 exd5 13.Bb5 Qc8 14.O-O Ba6 15.Bxa6 Qxa6
16.Bxf6 Nxf6 17.dxc5 Rac8 18.c6 Qc4 19.Rac1 Rxc6 20.Qd2 Qb5 21.Rxc6 Qxc6
22.Rc1 Qb5 23.Nf4 Re8 24.Rc7 a5 25.Kf2 Kf8 26.Qd4 Kg8 27.g4 a4 28.h4 Nd7
29.g5 hxg5 30.hxg5 Ne5 31.g6 fxg6 32.Nxg6 Qxb2+ 33.Qxb2 Nd3+ 34.Ke2 Nxb2
35.Ne7+ Kf8 36.Nxd5 b5 37.Rb7 Rc8 38.e4 Rc2+ 39.Ke3 Nc4+ 40.Kf4 Nxa3 41.e5 Rc6
42.Kf5 g6+ 43.Kg5 Re6 44.f4 Nc4 45.Nf6 Re7 46.Rxb5 Kf7 47.Rc5 Nd2 48.Rc3 Ra7
49.f5 gxf5 50.Kxf5 Nb3 51.Rc4 a3 52.Rh4 Nd4+ 53.Rxd4 a2 54.e6+ Kf8 55.Rd8+ Ke7
56.Re8+ Kd6 57.Ne4+ Kc6 58.Rc8+ Kb6 59.Rc1 a1=Q 60.Rxa1 Rxa1 61.e7 Ra8 62.Nf6 Kc6
63.Ke6 Rb8 64.Kf7  1/2-1/2

[Event "63rd ch-GEO w"]
[Site "Tbilisi GEO"]
[Date "2006.01.09"]
[Round "1"]
[White "Purtseladze,M"]
[Black "Lomineishvili,M"]
[Result "1/2-1/2"]
[WhiteElo "2341"]
[BlackElo "2418"]

1.d4 Nf6 2.c4 e6 3.Nc3 Bb4 4.Qc2 O-O 5.a3 Bxc3+ 6.Qxc3 Ne4 7.Qc2 f5 8.Nf3 b6
9.g3 Bb7 10.Bg2 d6 11.Ng5 Qf6 12.O-O d5 13.Nf3 dxc4 14.Qxc4 c5 15.dxc5 Bd5
16.Qd4 Qxd4 17.Nxd4 bxc5 18.Nb5 Nc6 19.Nc7 Rab8 20.Nxd5 exd5 21.b4 Nd4 22.bxc5 Nc3
23.e3 Nc2 24.Bd2 Ne2+ 25.Kh1 Nxa1 26.Rxa1 d4 27.Re1 Rb2 28.Bb4 d3 29.Bd5+ Kh8
30.Bc4 Nc1 31.Rxc1 Rc2 32.Rd1 Rxc4 33.Rxd3 Rc8 34.Rd7 a5 35.Bxa5 R4xc5 36.Bb6 Rc2
37.Kg2 Kg8 38.a4 Ra2 39.a5 Rcc2 40.e4 fxe4 41.Re7 e3 42.Bxe3 Rxa5 43.Bd4 Rg5
44.h4 Rg4 45.Be3 Kf8 46.Rd7 Ke8 47.Ra7 Re4 48.Kf3 Re7 49.Ra8+ Kf7 50.Bg5 Rb7
51.Be3 h6 52.Ra6 Rbc7 53.Rb6 R2c6 54.Rb5 Rf6+ 55.Kg2 Rd7 56.Ra5 Rfd6 57.Bf4 Rd5
58.Ra6 h5 59.Rb6 Rd1 60.Rb5 g6 61.Rb6 Re1 62.Be3  1/2-1/2

[Event "TCh-AUT 2005-6"]
[Site "Austria AUT"]
[Date "2006.01.14"]
[Round "6"]
[White "Likavsky,T"]
[Black "Kritz,L"]
[Result "1/2-1/2"]
[WhiteElo "2493"]
[BlackElo "2561"]

1.d4 Nf6 2.c4 e6 3.Nc3 Bb4 4.Qc2 O-O 5.a3 Bxc3+ 6.Qxc3 b6 7.Bg5 Bb7 8.f3 d5
9.e3 h6 10.Bh4 Nbd7 11.cxd5 Nxd5 12.Bxd8 Nxc3 13.Bh4 Nd5 14.Bf2 f5 15.Bb5 c6
16.Bd3 Rae8 17.Ne2 e5 18.O-O e4 19.fxe4 fxe4 20.Bc4 Nf6 21.Nc3 Kh7 22.Nxd5 Nxd5
23.Rac1 Rf5 24.Rfe1 Ref8 25.Bg3 Bc8 26.Bxd5 cxd5 27.Bd6 Rd8 28.Be5 Rf7 29.Rf1 Rxf1+
30.Rxf1 Be6 31.Rc1 Rc8 32.Rxc8 Bxc8 33.Kf2 b5 34.Ke1 Bd7 35.Bb8 a6 36.Bd6 a5
37.Kd2 b4 38.axb4 a4 39.h4 h5 40.Ke2 Kg6 41.Be5 Kf5 42.Bxg7 Bb5+  1/2-1/2

[Event "TCh-CZE Extraliga 2005-6"]
[Site "Czech Rep CZE"]
[Date "2006.01.14"]
[Round "7"]
[White "Likavsky,T"]
[Black "Hracek,Z"]
[Result "1/2-1/2"]
[WhiteElo "2493"]
[BlackElo "2595"]

1.d4 Nf6 2.c4 e6 3.Nc3 Bb4 4.Qc2 O-O 5.a3 Bxc3+ 6.Qxc3 b6 7.Bg5 Bb7 8.f3 h6
9.Bh4 d5 10.e3 Nbd7 11.cxd5 Nxd5 12.Bxd8 Nxc3 13.Be7 Rfe8 14.Bh4 Nd5 15.Bf2 Ne7
16.Ne2 c5 17.O-O-O Rac8 18.Kb1 Red8 19.Nc3 cxd4 20.Rxd4 e5 21.Rd1 Nc5 22.Be2 Nd5
23.Nxd5 Bxd5 24.e4 Bb3 25.Rxd8+ Rxd8 26.Be3 Ne6 27.Rc1 Nf4 28.Bf1 g5 29.g3 Ne6
30.Bc4 Bxc4 31.Rxc4 Rd3 32.Rc3 Rd1+ 33.Rc1 Rd3 34.Rc3 Rd1+ 35.Rc1  1/2-1/2

[Event "Open"]
[Site "Zagreb CRO"]
[Date "2006.01.15"]
[Round "2"]
[White "Globan,T"]
[Black "Zaja,I"]
[Result "0-1"]
[WhiteElo "2209"]
[BlackElo "2466"]

1.d4 Nf6 2.c4 e6 3.Nc3 Bb4 4.Qc2 O-O 5.a3 Bxc3+ 6.Qxc3 b6 7.Bg5 Bb7 8.f3 c5
9.dxc5 bxc5 10.Bxf6 Qxf6 11.Qxf6 gxf6 12.O-O-O Rd8 13.e3 Ba6 14.h4 Nc6 15.h5 Rab8
16.Rh4 Rb3 17.Rg4+ Kf8 18.h6 Rxe3 19.Rg7 Ke7 20.Rxh7 Ne5 21.Rg7 Rh8 22.h7 Kf8
23.Rg8+ Rxg8 24.hxg8=Q+ Kxg8 25.f4 Nxc4 26.Nf3 d5 27.Bd3 Nxb2 28.Bxa6 Nxd1  0-1

[Event "63rd ch-GEO w"]
[Site "Tbilisi GEO"]
[Date "2006.01.19"]
[Round "10"]
[White "Purtseladze,M"]
[Black "Khukhashvili,S"]
[Result "1/2-1/2"]
[WhiteElo "2341"]
[BlackElo "2316"]

1.d4 Nf6 2.c4 e6 3.Nc3 Bb4 4.Qc2 O-O 5.a3 Bxc3+ 6.Qxc3 b6 7.Bg5 c5 8.dxc5 bxc5
9.e3 Nc6 10.Ne2 Rb8 11.O-O-O e5 12.Qc2 h6 13.Bxf6 Qxf6 14.Nc3 Na5 15.Nd5 Qe6
16.Bd3 f5 17.Qc3 Nc6 18.Bc2 Bb7 19.f3 Rf7 20.Rhg1 e4 21.g4 Qe5 22.f4 Qxc3
23.Nxc3 Na5 24.gxf5 Nxc4 25.Bb3 d5 26.Bxc4 dxc4 27.Rd6 Kh7 28.Re6 Rd8 29.Nxe4 Bc8
30.Re5 Bxf5 31.Nxc5 Bd3 32.Nxd3 cxd3 33.Kd2 Rc7 34.Rc1 Rxc1 35.Kxc1 Rc8+
36.Kd2 Rc2+ 37.Kxd3 Rxb2 38.Ra5 Rxh2 39.Rxa7 Rf2 40.Ke4 h5 41.a4 h4 42.Ra5 Kg6
43.Rg5+ Kf7 44.Rh5 Ra2 45.Rxh4 Rxa4+ 46.Kf5 Ra5+ 47.Kg4 Ra4 48.Rh5 Re4 49.Kf3 Ra4
50.Rb5 Ra3 51.Rb6 Rc3 52.f5 Rc1 53.e4 Rf1+ 54.Ke3 Rd1 55.Kf4 Rd4 56.Ke5 Rd7
57.Rd6 Ra7 58.Rc6 Rd7 59.Rb6 Ke7 60.Kf4 Rd4 61.Ke3 Rd1 62.Re6+ Kf7 63.Ra6 Ke7
64.Rb6 Kf7 65.e5 Re1+ 66.Kd4 Rd1+ 67.Kc5 Rc1+ 68.Kd6 Rd1+ 69.Kc6 Rc1+ 70.Kd7 Rd1+
71.Rd6 Re1 72.Rd5 Re2 73.Kd8 Ra2 74.Rd7+ Kf8 75.Rd5 Ra8+ 76.Kd7 Kf7 77.Rc5 Ra1
78.Rc6 Rd1+ 79.Rd6 Re1 80.e6+ Kf6 81.Ke8 Kxf5 82.e7 g5 83.Kf7 Rxe7+ 84.Kxe7 g4
85.Kf7 g3 86.Kg7 Kf4 87.Rh6 g2 88.Rg6 Kf3  1/2-1/2

[Event "Winter Open"]
[Site "Belgrade SCG"]
[Date "2006.01.21"]
[Round "1"]
[White "Djurdjevic,P"]
[Black "Jovanovic,Zo1 SCG"]
[Result "0-1"]
[WhiteElo "2037"]
[BlackElo "2291"]

1.d4 Nf6 2.c4 e6 3.Nc3 Bb4 4.Qc2 O-O 5.a3 Bxc3+ 6.Qxc3 d6 7.Nf3 Nbd7 8.g3 b6
9.Bg2 Bb7 10.O-O a5 11.b3 Qe7 12.Bb2 Ra7 13.Rfd1 Ne4 14.Qc2 Ndf6 15.Ne1 h6
16.f3 Ng5 17.e4 e5 18.dxe5 dxe5 19.h4 Ne6 20.Bxe5 Qc5+ 21.Kh2 Qxe5 22.Nd3 Bxe4
23.fxe4 Ng4+ 24.Kh3 Qh5  0-1

[Event "Classic"]
[Site "Queenstown NZL"]
[Date "2006.01.21"]
[Round "7"]
[White "Rogers,I"]
[Black "Garbett,P"]
[Result "1-0"]
[WhiteElo "2556"]
[BlackElo "2352"]

1.d4 Nf6 2.c4 e6 3.Nc3 Bb4 4.Qc2 O-O 5.e4 c5 6.a3 Qa5 7.e5 cxd4 8.exf6 dxc3
9.axb4 Qxa1 10.fxg7 Re8 11.bxc3 Qa6 12.c5 Qc6 13.Bd3 f5 14.Nf3 b6 15.O-O Bb7
16.Re1 d6 17.b5 Qd7 18.c6 Nxc6 19.bxc6 Bxc6 20.Nd4 Bd5 21.Bh6 Qf7 22.f3 Qf6
23.Qd2 Rac8 24.Bb5 Bc4 25.Bxe8 Rxe8 26.Qg5 Kf7 27.Qf4 e5 28.Qxf5 Qxf5 29.Nxf5 Re6
30.g4 Bd3 31.Bg5 h6 32.Bh4 d5 33.f4 Be4 34.fxe5 Rxe5 35.Bf6  1-0

[Event "Gibtelecom Masters"]
[Site "Gibraltar ENG"]
[Date "2006.01.26"]
[Round "3"]
[White "Obers,F"]
[Black "Jaime Montalvan,L"]
[Result "0-1"]
[WhiteElo "2080"]
[BlackElo "2242"]

1.d4 Nf6 2.c4 e6 3.Nc3 Bb4 4.Qc2 O-O 5.a3 Bxc3+ 6.Qxc3 b6 7.Bg5 Bb7 8.f3 d6
9.Nh3 h6 10.Bh4 Nbd7 11.e3 Rc8 12.Bg3 Qe7 13.Be2 Rfd8 14.O-O c5 15.Rad1 Ne8
16.b4 cxd4 17.Qxd4 e5 18.Qd2 f5 19.Bd3 Qf6 20.Bc2 g6 21.Bb3 Kh7 22.Be1 Nf8
23.g4 Ne6 24.Qf2 f4 25.e4 Nd4 26.Ba2 Ng7 27.Bc3 Nge6 28.Rd2 Kg7 29.Rfd1 h5
30.Rxd4 exd4 31.Rxd4 Kh7 32.Rd3 Qe7 33.g5 Nxg5 34.Nxg5+ Qxg5+ 35.Kh1 h4 36.Qd4 Rc7
37.Rd1 h3 38.Rg1 Qh5 39.Rg4 Bc8 40.Rxf4 Qg5 41.Qd2 Qg2+ 42.Qxg2 hxg2+ 43.Kxg2 g5
44.Rf6 Re8 45.Rxd6 Be6 46.Bf6 Kg6 47.e5 Kh5 48.Rd4 b5 49.Bb1 bxc4 50.Bc2 Rd7
51.Rd6 Rxd6 52.exd6 Bd7 53.Be7 Rc8 54.Kf2 Rb8 55.Ke3 Rb7 56.Kd4 Be6 57.Be4 Rb5
58.Bc6 Rf5 59.a4 Rf4+ 60.Kc3 Kh4 61.b5 Rf5 62.a5 Re5 63.b6 axb6 64.axb6 Re3+
65.Kd2 Rd3+ 66.Kc1 Rb3 67.Bd8 c3 68.Bc7 Ra3 69.b7 Bb3  0-1

[Event "Gibtelecom Masters"]
[Site "Gibraltar ENG"]
[Date "2006.01.27"]
[Round "4"]
[White "Jaime Montalvan,L"]
[Black "Kunte,A"]
[Result "0-1"]
[WhiteElo "2242"]
[BlackElo "2551"]

1.d4 Nf6 2.c4 e6 3.Nc3 Bb4 4.Qc2 O-O 5.a3 Bxc3+ 6.Qxc3 d6 7.Bg5 Nbd7 8.f3 d5
9.e3 Re8 10.Nh3 h6 11.Bh4 c6 12.O-O-O dxc4 13.Bxc4 b5 14.Bd3 Bb7 15.Kb1 a5
16.g4 b4 17.Qe1 bxa3 18.bxa3 c5 19.e4 cxd4 20.g5 Qb6+ 21.Ka2 Nd5 22.Bf2 Nc5
23.Rb1 Nb4+  0-1

[Event "II Open del Mercantil"]
[Site "Sevilla ESP"]
[Date "2006.01.27"]
[Round "8"]
[White "Komljenovic,D"]
[Black "Campora,D"]
[Result "1/2-1/2"]
[WhiteElo "2458"]
[BlackElo "2541"]

1.d4 Nf6 2.c4 e6 3.Nc3 Bb4 4.Qc2 O-O 5.a3 Bxc3+ 6.Qxc3 d6 7.Nf3 b6 8.g3 Bb7
9.Bg2 Nbd7 10.O-O Qe7 11.b4 c5 12.Bb2 Ne4 13.Qe3 f5 14.Rfd1 cxb4 15.axb4 Ndf6
16.h3 Rfc8 17.Rdc1 a6 18.d5 exd5 19.Nh4 dxc4 20.Nxf5 Qd7 21.g4 c3 22.Bxc3 Rxc3
23.Rxc3 Nxc3 24.Qxc3 Bxg2 25.Kxg2 h5 26.f3 Qe6 27.Qd3 a5 28.bxa5 bxa5 29.Ra4 hxg4
30.hxg4 d5 31.g5 Nh7 32.Ne7+  1/2-1/2

[Event "Open"]
[Site "Moscow RUS"]
[Date "2006.01.29"]
[Round "1"]
[White "Khismatullin,D"]
[Black "Demianjuk,A"]
[Result "1-0"]
[WhiteElo "2576"]
[BlackElo "2313"]

1.d4 Nf6 2.c4 e6 3.Nc3 Bb4 4.Qc2 O-O 5.a3 Bxc3+ 6.Qxc3 b6 7.Bg5 Bb7 8.e3 d6
9.Ne2 Nbd7 10.Qd3 c5 11.Nc3 a6 12.Be2 Bxg2 13.Rg1 Bb7 14.O-O-O Kh8 15.Rg3 Qc7
16.Rdg1 Rg8 17.Rh3 Rac8 18.d5 exd5 19.Qf5 Rce8 20.Bd3  1-0

[Event "FSIMB February"]
[Site "Budapest HUN"]
[Date "2006.02.06"]
[Round "3"]
[White "Duong The Anh"]
[Black "To Nhat Minh"]
[Result "1-0"]
[WhiteElo "2287"]
[BlackElo "2175"]

1.d4 Nf6 2.c4 e6 3.Nc3 Bb4 4.Qc2 O-O 5.a3 Bxc3+ 6.Qxc3 b6 7.Bg5 Bb7 8.e3 d6
9.Ne2 h6 10.Bh4 Nbd7 11.Qd3 Be4 12.Qd2 e5 13.Nc3 Bh7 14.Be2 Re8 15.dxe5 Nxe5
16.Nd5 g5 17.Bg3 Be4 18.f3 Bg6 19.O-O Ned7 20.Bd1 Nxd5 21.cxd5 Qe7 22.Ba4 a6
23.Bc6 Rad8 24.e4 Rf8 25.Rae1 f6 26.h4 Ne5 27.Bb7 a5 28.Ba6 Be8 29.Rc1 Rf7
30.Be2 Ng6 31.hxg5 hxg5 32.Rc3 Ra8 33.Rfc1 Ra7 34.R1c2 Rg7 35.Qc1 Ne5 36.Bf2 Rh7
37.Bd4 Rg7 38.Bf1 Ba4 39.b3 Be8 40.Qe1 f5 41.Qc1 fxe4 42.fxe4 Bg6 43.Re2 Rf7
44.Rg3 Rf4 45.Be3 Rxe4 46.Bxg5 Qf7 47.Rxe4 Bxe4 48.Bf6+ Ng6 49.Qe3 Bf5 50.Qg5 Qd7
51.Qh5 Kf7 52.Bc3 Ra8 53.Rf3  1-0

[Event "FSIMB February"]
[Site "Budapest HUN"]
[Date "2006.02.09"]
[Round "6"]
[White "Fodor,T jr"]
[Black "To Nhat Minh"]
[Result "1-0"]
[WhiteElo "2302"]
[BlackElo "2175"]

1.d4 Nf6 2.c4 e6 3.Nc3 Bb4 4.Qc2 O-O 5.Nf3 c5 6.dxc5 Na6 7.a3 Bxc3+ 8.Qxc3 Nxc5
9.g3 b6 10.Bg2 Bb7 11.O-O a5 12.Be3 a4 13.Rad1 Nfe4 14.Qb4 Qc7 15.Nd4 Rfc8
16.Nb5 Qd8 17.Nd6 Nxd6 18.Rxd6 Bxg2 19.Kxg2 Rab8 20.Rfd1 Qf6 21.Rxb6 Rxb6
22.Qxb6 Nb3 23.Rxd7 h6 24.c5 Qe5 25.Rd8+ Rxd8 26.Qxd8+ Kh7 27.Qd3+ Kg8 28.c6 Na5
29.Bf4  1-0

[Event "ch-CUB sf"]
[Site "Santa Clara CUB"]
[Date "2006.02.11"]
[Round "7"]
[White "Vera,R"]
[Black "Hernandez,Hold"]
[Result "1/2-1/2"]
[WhiteElo "2497"]
[BlackElo "2499"]

1.d4 Nf6 2.c4 e6 3.Nc3 Bb4 4.Qc2 O-O 5.a3 Bxc3+ 6.Qxc3 b6 7.Nf3 Bb7 8.e3 c5
9.Be2 d5 10.dxc5 Ne4 11.Qc2 bxc5 12.O-O Nd7 13.b3 a5 14.Bb2 a4 15.bxa4 Qa5
16.cxd5  1/2-1/2

[Event "ch-CZE"]
[Site "Brno CZE"]
[Date "2006.02.17"]
[Round "11"]
[White "Stocek,J"]
[Black "Cvek,R"]
[Result "1/2-1/2"]
[WhiteElo "2580"]
[BlackElo "2498"]

1.d4 Nf6 2.c4 e6 3.Nc3 Bb4 4.Qc2 O-O 5.e4 d6 6.Bd3 Nc6 7.Ne2 e5 8.d5 Nd4
9.Nxd4 exd4 10.a3 Bxc3+ 11.bxc3 dxc3 12.O-O Nd7 13.Be3 Ne5 14.Be2 f5 15.exf5 Bxf5
16.Qxc3 Qh4 17.f3 Rae8 18.Rad1 Qf6 19.Qd2 b6 20.Bd4 Qg6 21.Rf2 Re7 22.Bf1 Rfe8
23.g4 h5 24.h3 hxg4 25.hxg4 Bc2 26.Rc1 Nxf3+ 27.Rxf3 Qxg4+ 28.Kf2 Qh4+ 29.Kg1 Qg4+
30.Kf2 Qh4+ 31.Kg1 Qg4+ 32.Kf2  1/2-1/2

[Event "US Amateur Team East"]
[Site "Parsippany USA"]
[Date "2006.02.19"]
[Round "4"]
[White "Cherniak,A"]
[Black "Dorobanov,S"]
[Result "1/2-1/2"]
[WhiteElo "2260"]
[BlackElo "2301"]

1.d4 Nf6 2.c4 e6 3.Nc3 Bb4 4.Qc2 O-O 5.a3 Bxc3+ 6.Qxc3 h6 7.Nf3 d6 8.g3 Qe7
9.Bg2 Re8 10.O-O e5 11.b4 e4 12.Ne1 Bg4 13.f3 Bf5 14.g4 exf3 15.exf3 Bg6
16.Ra2 Nbd7 17.Nd3 Bxd3 18.Qxd3 Nb6 19.h4 a5 20.b5 Nfd7 21.f4 Rab8 22.g5 Qe6
23.Rc2 Qg4 24.c5 Nd5 25.cxd6 cxd6 26.f5 Rbc8 27.Rxc8 Rxc8 28.Bd2 hxg5 29.hxg5 N7b6
30.Qe4 Qxe4 31.Bxe4 Rc4 32.Bxa5 Rxd4 33.Re1 Nc4 34.Bd8 Nce3  1/2-1/2

[Event "ITT Torre Blanca"]
[Site "Buenos Aires ARG"]
[Date "2006.02.22"]
[Round "6"]
[White "Lafuente,P"]
[Black "Albarran,G"]
[Result "1-0"]
[WhiteElo "2408"]
[BlackElo "2241"]

1.d4 Nf6 2.c4 e6 3.Nc3 Bb4 4.Qc2 O-O 5.a3 Bxc3+ 6.Qxc3 Ne4 7.Qd3 f5 8.Nf3 b6
9.g3 Bb7 10.Bg2 a5 11.b3 d6 12.O-O Qc8 13.Bb2 Nd7 14.Rfe1 c5 15.Red1 Qc7
16.Rac1 Rad8 17.Nd2 Nxd2 18.Qxd2 Bxg2 19.Kxg2 cxd4 20.Qxd4 Nc5 21.Qe3 Qc6+
22.f3 e5 23.b4 Ne6 24.Qd3 axb4 25.axb4 Nd4 26.Bxd4 exd4 27.Qxd4 Rfe8 28.Kf2 Re5
29.Qxe5 dxe5 30.Rxd8+ Kf7 31.c5 bxc5 32.bxc5 Qh6 33.Rh1 Qc6 34.Rhd1 Qxc5+
35.Kf1 h6 36.R1d5 Qe3 37.Rb5 f4 38.Rb4 fxg3 39.hxg3 Kf6 40.Re4 Qc5 41.Kg2 h5
42.Rf8+ Ke6 43.Rd8 Kf6 44.g4 hxg4 45.Rxg4 Qc2 46.Re4 Qc1 47.Rf8+ Kg6 48.Rxe5 Qe1
49.Rf4 Kh7 50.Rg4 Qd2 51.Re7 Kh6 52.Rgxg7 Qd4 53.Rg4 Qd2 54.Re8 Qb2 55.Rh8+  1-0

[Event "13th Open Metalis"]
[Site "Bizovac CRO"]
[Date "2006.02.24"]
[Round "3"]
[White "Sutkovic,D"]
[Black "Cebalo,M"]
[Result "0-1"]
[WhiteElo "2295"]
[BlackElo "2501"]

1.d4 Nf6 2.c4 e6 3.Nc3 Bb4 4.Qc2 O-O 5.a3 Bxc3+ 6.Qxc3 b6 7.Bg5 Bb7 8.e3 d6
9.Ne2 Nbd7 10.Qd3 Qe7 11.Nc3 h6 12.Bh4 c5 13.d5 Ne5 14.Qd2 Ng6 15.Bg3 exd5
16.cxd5 a6 17.Be2 b5 18.O-O Rfe8 19.Rfe1 Rac8 20.Rad1 h5 21.h3 b4 22.axb4 cxb4
23.Na4 Ne4 24.Qxb4 Nxg3 25.fxg3 Qxe3+ 26.Kh2 h4 27.Bf3 Qf2 28.Rxe8+ Rxe8
29.g4 Re3 30.Qxb7 Rxf3 31.Kh1 Rxh3+ 32.gxh3 Qf3+ 33.Kh2 Qe2+  0-1

[Event "TCh-CZE Extraliga 2005-6"]
[Site "Czech Rep CZE"]
[Date "2006.02.26"]
[Round "9"]
[White "Czakon,J"]
[Black "Haba,P"]
[Result "1/2-1/2"]
[WhiteElo "2486"]
[BlackElo "2519"]

1.d4 Nf6 2.c4 e6 3.Nc3 Bb4 4.Qc2 O-O 5.a3 Bxc3+ 6.Qxc3 b6 7.Bg5 Ba6 8.Qf3 Nc6
9.e3 Bb7 10.Qd1 h6 11.Bh4 d6 12.Ne2 g5 13.Bg3 Ne4 14.f3 Nxg3 15.hxg3 Qf6
16.g4 Ne7 17.Ng3 c5 18.Nh5 Qh8 19.dxc5 bxc5 20.Qxd6 Qxb2 21.Qxe7 Qxa1+ 22.Kf2 Qb2+
23.Kg1 Rad8 24.Nf6+ Kg7 25.Nh5+ Kg8 26.Nf6+ Kg7 27.Nh5+  1/2-1/2

[Event "TCh-HUN 2005-6"]
[Site "Hungary HUN"]
[Date "2006.02.26"]
[Round "8"]
[White "Gyimesi,Z"]
[Black "Kiss,At"]
[Result "1-0"]
[WhiteElo "2602"]
[BlackElo "2412"]

1.d4 Nf6 2.c4 e6 3.Nc3 Bb4 4.Qc2 O-O 5.a3 Bxc3+ 6.Qxc3 b6 7.Nf3 Bb7 8.e3 c5
9.b3 cxd4 10.Nxd4 d5 11.Bb2 Nbd7 12.f3 a6 13.Be2 Rc8 14.O-O dxc4 15.bxc4 Qc7
16.Rfc1 Rfd8 17.Rab1 Qe5 18.Nc2 Qg5 19.Qe1 e5 20.Qg3 Qh6 21.Rd1 Re8 22.e4 Re6
23.Bc1 Qh5 24.Qf2 Bc6 25.Ne3 Qg6 26.Nf5 Nh5 27.c5 Nxc5 28.Rxb6 Ba4 29.Bc4 Rxb6
30.Ne7+ Kf8 31.Nxc8 Nd7 32.Rxd7  1-0

[Event "Breizh Masters"]
[Site "Guingamp FRA"]
[Date "2006.02.27"]
[Round "2"]
[White "Grabinsky,V"]
[Black "Gicquel,F"]
[Result "1-0"]
[WhiteElo "2293"]
[BlackElo "2229"]

1.d4 Nf6 2.c4 e6 3.Nc3 Bb4 4.Qc2 O-O 5.Nf3 b6 6.e4 Bb7 7.Bd3 d5 8.cxd5 exd5
9.e5 Ne4 10.O-O Bxc3 11.bxc3 c5 12.dxc5 bxc5 13.Rb1 Qc7 14.c4 f5 15.Qb3 Ba6
16.cxd5 Bxd3 17.Qxd3 Nd7 18.d6 Qc6 19.Qc4+ Kh8 20.Rd1 Nb6 21.Qc2 Rfe8 22.Bg5 h6
23.Be7 Qd7 24.Nh4 g5 25.f3 gxh4 26.fxe4 fxe4 27.Qf2 Qg4 28.Qxh4 Qxh4 29.Bxh4 Nd7
30.Rb7  1-0

[Event "1st ONGC Cup"]
[Site "Hyderabad IND"]
[Date "2006.02.28"]
[Round "4"]
[White "Babu,NS"]
[Black "Barua,D"]
[Result "1/2-1/2"]
[WhiteElo "2295"]
[BlackElo "2464"]

1.d4 Nf6 2.c4 e6 3.Nc3 Bb4 4.Qc2 O-O 5.a3 Bxc3+ 6.Qxc3 b6 7.b3 Bb7 8.Bb2 d6
9.e3 Nbd7 10.f3 Qe7 11.Bd3 e5 12.dxe5 dxe5 13.Nh3 Rad8 14.O-O Nc5 15.Bc2 e4
16.Nf4 Rfe8 17.Rac1  1/2-1/2

[Event "1st ONGC Cup"]
[Site "Hyderabad IND"]
[Date "2006.03.03"]
[Round "8"]
[White "Ashwath,R"]
[Black "Gopal,G"]
[Result "1/2-1/2"]
[WhiteElo "2214"]
[BlackElo "2353"]

1.d4 Nf6 2.c4 e6 3.Nc3 Bb4 4.Qc2 O-O 5.e4 d5 6.e5 Ne4 7.a3 Bxc3+ 8.bxc3 c5
9.Bd3 cxd4 10.cxd4 Nc6 11.Ne2 Qa5+ 12.Bd2 Nxd2 13.Qxd2 Qxd2+ 14.Kxd2 Na5
15.cxd5 exd5 16.Rab1 b6 17.Rhc1 Bb7 18.Ke3 Rac8 19.f4  1/2-1/2

[Event "TCh-NED 2005-6"]
[Site "Netherlands NED"]
[Date "2006.03.04"]
[Round "7"]
[White "Van der Stricht,G"]
[Black "Vogel,Ja"]
[Result "1/2-1/2"]
[WhiteElo "2407"]
[BlackElo "2251"]

1.d4 e6 2.c4 Nf6 3.Nc3 Bb4 4.Qc2 O-O 5.a3 Bxc3+ 6.Qxc3 b6 7.Bg5 Bb7 8.e3 d6
9.Ne2 Nbd7 10.Qd3 h6 11.Bh4 Re8 12.Nc3 Nf8 13.f3 Ng6 14.Bf2 e5 15.d5 e4 16.Qd4 Qe7
17.Be2 c5 18.dxc6 Bxc6 19.f4 Qe6 20.O-O-O Rad8 21.Nd5 Bxd5 22.cxd5 Rc8+ 23.Kb1 Qd7
24.a4 Rc5 25.Bb5 Rxb5 26.axb5 Qxb5 27.Rc1 Ne7 28.Rhd1 Nf5 29.Qd2 h5 30.Rc7 Nd7
31.Rxa7 Rc8 32.Ra3 Rc4 33.Rc1 Rxc1+ 34.Qxc1 Nc5 35.Be1 Kh7 36.Bd2 Qe2 37.Bb4 Nd3
38.Qd2 Qf1+ 39.Kc2 Qg1 40.Rxd3 exd3+ 41.Kxd3 Qb1+ 42.Qc2 Qf1+ 43.Qe2 Qb1+
44.Qc2 Qf1+ 45.Qe2 Qb1+ 46.Kc3 g6 47.Qd3 Qc1+ 48.Kb3 Nxe3 49.Bxd6 Nf5 50.Ba3 Qc8
51.d6 Qe6+ 52.Kc3 Ne3 53.Kd2 Nd5 54.Qd4 Kg8 55.Qe5 Nf6 56.Qxe6 fxe6 57.Kd3 Kf7
58.Kc4 Ke8 59.Kb5 Kd7 60.g3 Ng4 61.h3 Nf2 62.Kxb6 Ne4 63.g4 hxg4 64.hxg4 Nf6
65.Kc5 Nxg4 66.Kd4 Nf6 67.Ke5 Nh7 68.b3 g5 69.f5 exf5 70.Kxf5 Nf8 71.Bc5 Ne6
72.b4 Nd8 73.Kxg5 Nf7+ 74.Kf5 Nxd6+ 75.Ke5 Nb5 76.Kd5 Kc7 77.Bg1 Kb7 78.Kc5 Na7
79.Kd5 Nc6 80.b5 Nb8 81.Be3 Nd7 82.Bd4 Nb6+ 83.Kc5 Nd7+ 84.Kd6 Nb6 85.Bf2 Nc4+
86.Kc5 Nb6  1/2-1/2

[Event "TCh-BEL 2005-6"]
[Site "Belgium BEL"]
[Date "2006.03.12"]
[Round "10"]
[White "Docx,S"]
[Black "Lobzhanidze,D"]
[Result "1/2-1/2"]
[WhiteElo "2321"]
[BlackElo "2462"]

1.d4 Nf6 2.c4 e6 3.Nc3 Bb4 4.Qc2 O-O 5.a3 Bxc3+ 6.Qxc3 d6 7.Nf3 b6 8.Bg5 Bb7
9.e3 Nbd7 10.Be2 Rc8 11.Qb3 Qe7 12.O-O h6 13.Bh4 g5 14.Bg3 Ne4 15.Qd1 h5
16.h4 g4 17.Nd2 Nxg3 18.fxg3 f5 19.Bd3 Qg7  1/2-1/2

[Event "FSIMB March"]
[Site "Budapest HUN"]
[Date "2006.03.13"]
[Round "10"]
[White "Duong The Anh"]
[Black "Eperjesi,L"]
[Result "1-0"]
[WhiteElo "2287"]
[BlackElo "2268"]

1.d4 Nf6 2.c4 e6 3.Nc3 Bb4 4.Qc2 O-O 5.e4 d6 6.a3 Bxc3+ 7.bxc3 e5 8.Bd3 Nc6
9.Ne2 b6 10.O-O Ba6 11.f4 Nd7 12.Rf3 Na5 13.c5 Bxd3 14.Rxd3 bxc5 15.dxe5 c4
16.Rd5 Nb3 17.Rb1 Nb6 18.Rd1 Qe7 19.exd6 cxd6 20.Ng3 Nxc1 21.Nf5 Qc7 22.Rbxc1 Rad8
23.Qf2 Na4 24.Rd4 Qc5 25.Qa2 d5 26.e5 g6 27.Qc2 Nxc3 28.Nh6+ Kg7 29.Qxc3 Kxh6
30.f5 Kg7 31.f6+ Kh8 32.Kh1 Rfe8 33.Rh4 Qf8 34.Re1 Rb8 35.Qd4 Rb6 36.Rf1 Rd8
37.Rh3 h6 38.g4 Kh7 39.g5 h5 40.Qd1 Rd7 41.Qg4  1-0

[Event "ch-ARG s/f"]
[Site "Buenos Aires ARG"]
[Date "2006.03.22"]
[Round "2"]
[White "Toniutti,E"]
[Black "Bitelmajer,M"]
[Result "1-0"]
[WhiteElo "2063"]
[BlackElo "2320"]

1.d4 Nf6 2.c4 e6 3.Nc3 Bb4 4.Qc2 O-O 5.a3 Bxc3+ 6.Qxc3 b6 7.Bg5 Bb7 8.f3 d6
9.e3 Nbd7 10.Bd3 c5 11.Ne2 Rc8 12.O-O Re8 13.Rfd1 Qc7 14.Rac1 Qb8 15.Bc2 Ba6
16.b3 b5 17.Qa5 Qb6 18.Qxb6 axb6 19.cxb5 Bxb5 20.Nc3 Bc6 21.Bd3 h6 22.Bh4 g5
23.Bg3 e5 24.Bf5 Rcd8 25.d5 Bb7 26.b4 Ba6 27.b5 Bb7 28.Bxd7 Nxd7 29.Ne4 Ra8
30.Nxd6 Reb8 31.e4 Ra7 32.Nf5 Kf8 33.Nxh6 Ra5 34.Rb1 c4 35.Rdc1 Rba8 36.Nf5 Rxa3
37.Nd6 R3a7 38.Nxc4 Kg7 39.Kf2 g4  1-0

[Event "Sozina Open"]
[Site "Bar SCG"]
[Date "2006.03.23"]
[Round "6"]
[White "Lapcevic,M"]
[Black "Jakovljevic,Vlado"]
[Result "1-0"]
[WhiteElo "2282"]
[BlackElo "2424"]

1.d4 Nf6 2.c4 e6 3.Nc3 Bb4 4.Qc2 O-O 5.a3 Bxc3+ 6.Qxc3 b6 7.Bg5 Ba6 8.Qf3 Nc6
9.e3 Bb7 10.Qd1 d6 11.Nf3 Nb8 12.Bd3 Nbd7 13.O-O h6 14.Bh4 Qe8 15.Nd2 c5
16.Rc1 Rc8 17.Re1 d5 18.cxd5 exd5 19.Bf5 g6 20.Bxf6 gxf5 21.Bh4 Qe6 22.Nf1 Rfe8
23.Ng3 Ba6 24.h3 Kh7 25.Qh5 Bd3 26.Rc3 c4 27.Qd1 f4 28.Nh5 fxe3 29.Rxe3 Qf5
30.g4 Qg6 31.Nf4 Rxe3 32.Nxg6 Re4 33.Ne7 Re8 34.Rxd3 cxd3 35.Qxd3  1-0

[Event "22nd Spring Festival Open"]
[Site "Budapest HUN"]
[Date "2006.03.24"]
[Round "2"]
[White "Nguyen Huynh Minh H"]
[Black "Rozsnyai,Ti"]
[Result "1-0"]
[WhiteElo "2217"]
[BlackElo "2129"]

1.d4 Nf6 2.c4 e6 3.Nc3 Bb4 4.Qc2 O-O 5.a3 Bxc3+ 6.Qxc3 b5 7.e3 Bb7 8.f3 Nh5
9.Nh3 f5 10.Bd2 a5 11.cxb5 c6 12.Bd3 Qh4+ 13.Nf2 cxb5 14.O-O Nc6 15.b4 Rac8
16.Qb2 f4 17.e4 axb4 18.axb4 d5 19.e5 Ng3 20.hxg3 fxg3 21.Nh3 h6 22.Be3 Ne7
23.Bxb5 Nf5 24.Qd2 Bc6 25.Bd3 Rb8 26.Rfc1 Be8 27.Ra7 Nxe3 28.Qxe3 Rxb4 29.f4 Rb2
30.Bc2 Bh5 31.Qd3 Rf5 32.Qc3 Bg4 33.Qc7  1-0